000 00391cam a2200145ua 4500
041 _aeng
_h
082 _a823.308
_bSTE/LE
100 _aStelmakh, Mikhailo .
245 _aLet the blood of man not flow /
_cMikhailo stelmakh.
_hTextual Documents
260 _aMoscow :
_bForeign Language Publishing House ,
_c1963.
300 _a326 ; .
504 _a
942 _cBK
999 _c5175
_d5175